Limca book of records, 2012 : (Record no. 68547)

MARC details
000 -LEADER
fixed length control field 00686nam a22001937a 4500
005 - DATE AND TIME OF LATEST TRANSACTION
control field 20130523164736.0
010 ## - LCCN (DPL NO)
LC control number B-477505-513
020 ## - INTERNATIONAL STANDARD BOOK NUMBER
International Standard Book Number 9788192114446
Terms of availability 480.00
035 ## - SYSTEM CONTROL NUMBER
System control number B-477505-513
037 ## - SOURCE OF ACQUISITION
Stock number dpl
Source of stock number/acquisition Virtuous pub/Ven
082 ## - DEWEY DECIMAL CLASSIFICATION NUMBER
Classification number 030.954
245 ## - TITLE STATEMENT
Title Limca book of records, 2012 :
Remainder of title India at her best
Statement of responsibility, etc edited by Vijaya Ghose
260 ## - PUBLICATION, DISTRIBUTION, ETC. (IMPRINT)
Place of publication, distribution, etc Gurgaon
Name of publisher, distributor, etc Coca-Cola Inc.
Date of publication, distribution, etc 2012
270 ## - ADDRESS
Address Enkay towers, Udyog bhavan - V
City Haryana
300 ## - PHYSICAL DESCRIPTION
Extent 327 p.
Dimensions 27 cm(Hb)
500 ## - GENERAL NOTE
General note Special music edition
942 ## - ADDED ENTRY ELEMENTS (KOHA)
Source of classification or shelving scheme Dewey Decimal Classification
Item type English Books
Call number suffix GHO
Classification part 030.954
Holdings
Withdrawn status Lost status Not for loan Collection code Home library Current library Date acquired Source of acquisition Cost, normal purchase price Full call number Barcode Copy number Cost, replacement price Koha item type
      Non-fiction Janak Puri Janak Puri 03/08/2012 Virtuous Pub/1687/30.03.2012/SP/44/29.3.2012/30.03.2012 480.00 030.954 GHO B-477507 1 480.00 English Books
      Non-fiction Karol Bagh Karol Bagh 03/08/2012 Virtuous Pub/1687/30.03.2012/SP/44/29.3.2012/30.03.2012 480.00 030.954 GHO B-477511 1 480.00 English Books
      Non-fiction Narela Narela 03/08/2012 Virtuous Pub/1687/30.03.2012/SP/44/29.3.2012/30.03.2012 480.00 030.954 GHO B-477513 1 480.00 English Books
      Non-fiction New Rohtak Road New Rohtak Road 03/08/2012 Virtuous Pub/1687/30.03.2012/SP/44/29.3.2012/30.03.2012 480.00 030.954 GHO B-477512 1 480.00 English Books
      Non-fiction Patel Nagar Patel Nagar 03/08/2012 Virtuous Pub/1687/30.03.2012/SP/44/29.3.2012/30.03.2012 480.00 030.954 GHO B-477505 1 480.00 English Books
      Non-fiction Peshwa Road Peshwa Road 03/08/2012 Virtuous Pub/1687/30.03.2012/SP/44/29.3.2012/30.03.2012 480.00 030.954 GHO B-477506 1 480.00 English Books
  Written-off vide DLB M. No. 383 dt 16.05.19   Non-fiction R.K.Puram-8 R.K.Puram-8 03/08/2012 Virtuous Pub/1687/30.03.2012/SP/44/29.3.2012/30.03.2012 480.00 030.954 GHO B-477509 1 480.00 English Books
      Non-fiction Sarojini Nagar Sarojini Nagar 03/08/2012 Virtuous Pub/1687/30.03.2012/SP/44/29.3.2012/30.03.2012 480.00 030.954 GHO B-477508 1 480.00 English Books
      Non-fiction Vinoba Puri Vinoba Puri 03/08/2012 Virtuous Pub/1687/30.03.2012/SP/44/29.3.2012/30.03.2012 480.00 030.954 GHO B-477510 1 480.00 English Books

© Delhi Public Library
Hit Counter
free hit counter